Normal view
MARC view
- BLACKBURN, LAWRENCE
Entry Personal Name
001 - CONTROL NUMBER
- control field: 75762
003 - CONTROL NUMBER IDENTIFIER
- control field: NUST
005 - DATE AND TIME OF LATEST TRANSACTION
- control field: 20210628205501.0
008 - FIXED-LENGTH DATA ELEMENTS
- fixed length control field: 210628|| aca||aabn | a|a d
040 ## - CATALOGING SOURCE
- Original cataloging agency: NUST
- Transcribing agency: NUST
100 ## - HEADING--PERSONAL NAME
- Personal name: BLACKBURN, LAWRENCE
670 ## - SOURCE DATA FOUND
- Source citation: Work cat.: (NUST): TAYLOR, MARCUS 75760, INTRODUCTION TO OPERATING SYSTEMS,COMPUTER OPERATING SYSTEMS HANDBOOK, 1985
